000 00600nmm a22001817a 4500
003 OSt
005 20240520162604.0
006 eBook
008 240520b |||||||| |||| 00| 0 eng d
040 _cMRSPTU
100 _aDay
245 _aPatterns In Network Architecture: A Return To Fundamentals
250 _a1st
260 _aNew Delhi
_bPearson
_c2007
600 _2Computer Science
856 _3Click here to access the e-book
_uhttps://ebookcentral.proquest.com/lib/gzsptuc/detail.action?docID=5125901&query=Patterns+In+Network+Architecture%3A+A+Return+To+Fundamentals
942 _2ddc
_cEB
_n1
999 _c10334
_d10334